000 00548nam a2200169 a 4500
001 000027284
005 20200930030726.0
008 110331s200u dr a 000 0 spa d
040 _aDO-SdBNP
_bspa
_cBNPHU
082 _axxxx
_bxxxx
245 0 0 _aEscuela sin drogas /
_cpresentación Danilo Machado; prólogo Leopoldo Ml. Díaz.
250 _a2a. ed.
260 _a[Santo Domingo] :
_bFundación por la vida,
_c[200u].
300 _a109 p. :
_bil. ;
_c20 cm.
700 1 2 _aMachado, Danilo
_epres.
_954360
700 1 2 _aDíaz, Leopoldo Ml.
_eprol.
_954361
999 _c26776
_d26776